[Event "RUS-chT Premier 2021"]
[White "Sychev,Klementy"]
[Black "Najer,Evgeniy"]
[WhiteTeam "КПРФ"]
[BlackTeam "Шахматная сборная Москвы"]
[Site "Sochi"]
[Round "2.24"]
[Annotator "ChessBase"]
[Result "1/2-1/2"]
[Date "2021.05.02"]
[WhiteElo "2572"]
[BlackElo "2648"]
[PlyCount "62"]
[TimeControl "60"]

1. d4 {[%emt 0:0:0]} Nf6 {[%emt 0:0:0]} 2. c4 {[%emt 0:0:0]} e6 {[%emt 0:0:0]} 3. Nc3 {[%emt 0:0:14]} Bb4 {[%emt 0:0:2]} 4. Bf4 {[%emt 0:0:37]} 0-0 {[%emt 0:2:12]} 5. Qb3 {[%emt 0:0:32]} Nc6 {[%emt 0:7:40]} 6. e3 {[%emt 0:0:38]
} d5 {[%emt 0:15:25]} 7. Nf3 {[%emt 0:25:27]} dxc4 {[%emt 0:0:0]} 8. Bxc4 {[%emt 0:0:39]} Bd6 {[%emt 0:0:3]} 9. Bg5 {[%emt 0:6:14]} Na5 {[%emt 0:2:0]} 10. Qa4 {[%emt 0:1:11]} Nxc4 {[%emt 0:0:58]} 11. Qxc4 {[%emt 0:0:7]
} h6 {[%emt 0:2:3]} 12. Bh4 {[%emt 0:0:7]} b6 {[%emt 0:10:48]
} 13. Ne5 {[%emt 0:20:13]} Bb7 {[%emt 0:4:0]} 14. 0-0 {[%emt 0:5:35]} g5 {[%emt 0:7:0]
} 15. Bg3 {[%emt 0:0:19]} Nh5 {[%emt 0:0:40]} 16. Rad1 {[%emt 0:5:37]
} Nxg3 {[%emt 0:7:44]} 17. hxg3 {[%emt 0:2:58]} Kg7 {[%emt 0:0:0]} 18. b4 {[%emt 0:10:14]} Qe7 {[%emt 0:6:58]} 19. Nd3 {[%emt 0:4:35]} f5 {[%emt 0:2:51]} 20. Rfe1 {[%emt 0:4:51]} a5 {[%emt 0:6:56]} 21. b5 {[%emt 0:1:32]
} Rad8 {[%emt 0:0:15]} 22. e4 {[%emt 0:1:19]} fxe4 {[%emt 0:0:0]} 23. Nxe4 {[%emt 0:0:6]} Bd5 {[%emt 0:0:3]} 24. Qc2 {[%emt 0:0:13]} Qf7 {[%emt 0:0:55]} 25. Re2 {[%emt 0:6:9]} Qf5 {[%emt 0:1:48]} 26. Rde1 {[%emt 0:0:14]
} Rd7 {[%emt 0:1:33]} 27. Re3 {[%emt 0:0:38]} Rdf7 {[%emt 0:0:0]} 28. a4 {[%emt 0:1:25]} Bb4 {[%emt 0:3:29]} 29. R1e2 {[%emt 0:0:29]} Bd6 {[%emt 0:0:3]} 30. Re1 {[%emt 0:0:51]} Bb4 {[%emt 0:0:4]} 31. R1e2 {[%emt 0:0:5]
} Bd6 {[%emt 0:0:4]} 1/2-1/2

[Event "RUS-chT Premier 2021"]
[White "Motylev,Alexander"]
[Black "Andreikin,Dmitry"]
[WhiteTeam "Гоголевский, 14"]
[BlackTeam "КПРФ"]
[Site "Sochi"]
[Round "5.1"]
[Annotator "TA"]
[Result "1/2-1/2"]
[Date "2021.05.05"]
[WhiteElo "2641"]
[BlackElo "2725"]
[PlyCount "39"]

1. e4 {} e5 2. Nf3 Nc6 3. Bb5 Nf6 4. 0-0 Nxe4 5. Re1 Nd6 6. Nxe5 Be7 7. Bf1 Nxe5 8. Rxe5 0-0 9. d4 Bf6 10. Re1 Re8 $1 {The main line 10...Re8 scores better
than 10...Nf5. C67: Ruy Lopez: Berlin Defence: 4 0-0 Nxe4.} 11. Bf4 Rxe1 12. Qxe1 Ne8 13. c3 d5 14. Nd2 Bf5 15. Qe3 Nd6 16. Qg3 Bh4 {The position is equal.} 17. Qf3 {[#] Black must now prevent Bxd6.} Bg5 18. Bxd6 Qxd6 19. Qxf5 Bxd2 {[#]
} 20. Qd3 $146 {Not much happened in this game.  Weighted Error Value: White=0.
03/Black=0.03} ({Predecessor:} 20. Rd1 g6 21. Qe5 Bf4 22. Qxd6 Bxd6 23. Re1 Kf8 24. g3 Re8 25. Rxe8+ Kxe8 26. Bg2 {1/2-1/2 (40) Anand,V (2753)-Giri,A (2764)
chess24.com INT 2020} )1/2-1/2

[Event "RUS-chT Premier 2021"]
[White "Dreev,Aleksey"]
[Black "Goryachkina,Aleksandra"]
[WhiteTeam "КПРФ"]
[BlackTeam "Гоголевский, 14"]
[Site "Sochi"]
[Round "5.2"]
[Annotator "TA"]
[Result "1/2-1/2"]
[Date "2021.05.05"]
[WhiteElo "2647"]
[BlackElo "2593"]
[PlyCount "60"]

1. d4 {} d5 2. c4 c6 3. Nf3 Nf6 4. Qb3 dxc4 5. Qxc4 Bg4 6. Nbd2 (6. Bf4 {with more complications.} e6 7. e3 Nd5 8. Bg3 h5 9. h4 )Nbd7 {D23: Queen's Gambit Accepted: 3 Nf3 Nf6 sidelines.} 7. g3 e6 8. Bg2 Be7 {The position is equal.} 9. Qb3 Nb6 10. 0-0 Bf5 11. Ne5 Qxd4 12. Ndc4 Nxc4 {[#]} 13. Nxc4 $146 ({Predecessor:} 13. Qxb7 Nxe5 14. Qxa8+ Qd8 15. Qxa7 0-0 16. Bf4 Ng6 17. Rfd1 Qc8 18. Rac1 Be4 19. Bxe4 Nxe4 {1-0 (42)
Peng,Z (2411)-Diepeveen,V (2264) Netherlands 2012} )0-0 14. Be3 Qd7 15. Rfd1 Qc8 16. Bf4 Bg6 17. Na5 Nd5 18. Qxb7 Qxb7 19. Nxb7 Bf6 20. Rac1 Nxf4 21. gxf4 Rab8 22. Rd7 Bxb2 23. Rxc6 e5 24. fxe5 Bxe5 25. Bd5 Bf5 26. Re7 Bf6 27. Rec7 Be5 28. Re7 Bf6 29. Rec7 Be5 30. Nd6 {[#]} (30. Re7 $11 {keeps the
balance.} Bf6 )Bh3 $1 {Weighted Error Value: White=0.11/Black=0.01} 1/2-1/2

[Event "RUS-chT Premier 2021"]
[White "Kobalia,Mikhail"]
[Black "Alekseev,Evgeny"]
[WhiteTeam "Гоголевский, 14"]
[BlackTeam "КПРФ"]
[Site "Sochi"]
[Round "5.3"]
[Annotator "TA"]
[Result "1-0"]
[Date "2021.05.05"]
[WhiteElo "2587"]
[BlackElo "2619"]
[PlyCount "137"]

1. e4 {} c5 2. Nf3 e6 3. d4 cxd4 4. Nxd4 Nc6 5. Nc3 a6 6. Bf4 d6 {With the
idea ...Nxd4.} 7. Nxc6 {B46: Sicilian: Taimanov: 5 Nc3 a6.} bxc6 8. Qd2 {
8.Qd2 is better than 8.Bc4.} Be7 9. 0-0-0 { The position is equal.} e5 10. Bg3 Nf6 11. Bc4 Be6 12. Bxe6 fxe6 13. f4 $36 { White has
good play.} exf4 14. Bxf4 e5 15. Bg5 0-0 {[#]} 16. Qd3 $146 ({Predecessor:} 16. Qe2 Nxe4 17. Bxe7 Nxc3 18. Qc4+ d5 19. Qc5 Ne4 20. Bxd8 Nxc5 21. Be7 Ne4 22. Bxf8 Kxf8 {1-0 (60) Sarana,A (2613)-Artemiev,V (2702) Ekaterinburg 2018} )Qc8 17. Qc4+ Kh8 18. Rhf1 Rb8 19. Bxf6 gxf6 20. Rd3 (20. b3 $16 )Rg8 21. g3 Rb6 22. Na4 Rb5 23. Rc3 Qh3 {Threatens to win with ...Rb4!} 24. Rf2 Rc8 25. Qf7 Qh6+ (25... Qd7 $14 )26. Kb1 $16 Qg7 27. Qe6 Rc7 28. a3 Rb8 29. Rb3 Rxb3 30. Qxb3 ({Resist} 30. cxb3 Qg6 $14 )Qg8 31. Qd3 Qc8 32. Nb6 Qb7 33. Nc4 Qb5 34. Rd2 Rb7 (34... d5 $16 35. Ne3 d4 )35. b3 $18 Rd7 36. Ne3 (36. Qf3 $18 )Kg8 (36... Bf8 $16 )37. c4 Qb6 38. Ka2 (38. Qe2 $142 )Bf8 39. Ng4 Bg7 (39... Rf7 $16 )40. Qf3 Qd8 41. Rd3 a5 42. a4 Kh8 43. Ne3 Bf8 44. Qd1 Qb6 45. Qg4 Qd8 46. Qe6 Qe7 47. Qxe7 Bxe7 { Endgame KRB-KRN} 48. Nf5 (48. c5 $18 )Bf8 $16 49. c5 {And now b4 would win.} d5 50. exd5 {Black
must now prevent b4.} cxd5 (50... e4 $16 {was called for.} 51. dxc6 Rxd3 )51. c6 $18 Rc7 (51... Rd8 {might work better.} )52. Rxd5 Kg8 53. Rd8 {b4! is the
strong threat.} Kf7 {[#]} 54. Rd7+ $1 Rxd7 55. cxd7 {KB-KN} Be7 56. b4 $1 {
} Bd8 {[#]} 57. b5 $1 Ke6 58. g4 Kxd7 59. Kb3 Bb6 60. Kc4 Ke6 61. Ng3 Bg1 62. h3 Bf2 63. Ne4 Bb6 64. Kd3 $2 (64. Nc3 $18 )Ba7 65. Kc4 $2 (65. Nc3 $16 )Bb6 66. Nc3 Bg1 67. Nd5 {White is
clearly winning.} f5 (67... e4 $142 68. b6 Bf2 )68. gxf5+ Kxf5 69. b6 {
Weighted Error Value: White=0.11/Black=0.19} 1-0

[Event "RUS-chT Premier 2021"]
[White "Zvjaginsev,Vadim"]
[Black "Tregubov,Pavel V."]
[WhiteTeam "КПРФ"]
[BlackTeam "Гоголевский, 14"]
[Site "Sochi"]
[Round "5.4"]
[Annotator "TA"]
[Result "1/2-1/2"]
[Date "2021.05.05"]
[WhiteElo "2614"]
[BlackElo "2560"]
[PlyCount "29"]

1. c4 {} Nf6 2. Nc3 c5 3. Nf3 Nc6 4. e3 e6 5. d4 d5 6. cxd5 exd5 7. Be2 {7.Bb5 deserves study.} cxd4 8. exd4 {The position is equal.} h6 {B14: Caro-Kann: Panov-Botvinnik Attack with
5...e6 and 5...g6.} 9. Bf4 Bd6 10. Ne5 0-0 11. 0-0 {[#]} Re8 $146 ({
Predecessor:} 11... Ne7 12. Bf3 Be6 13. Rc1 Rc8 14. Qd3 Qb6 15. Na4 Qb4 16. Bd1 Bf5 17. Qd2 Qxd2 18. Bxd2 {1/2-1/2 (38) Cander,M (2225)-Hrabe,P Stockerau 1991} )12. Nxc6 bxc6 13. Bxd6 Qxd6 14. Qd2 Rb8 15. b3 {Not much happened in this
game.  Weighted Error Value: White=0.03/Black=0.02} 1/2-1/2

[Event "RUS-chT Premier 2021"]
[White "Murzin,Volodar"]
[Black "Potkin,Vladimir"]
[WhiteTeam "Гоголевский, 14"]
[BlackTeam "КПРФ"]
[Site "Sochi"]
[Round "5.5"]
[Annotator "ChessBase"]
[Result "1-0"]
[Date "2021.05.05"]
[WhiteElo "2478"]
[BlackElo "2578"]
[PlyCount "114"]
[TimeControl "60"]

1. e4 {[%emt 0:0:0]} c5 {[%emt 0:0:0]} 2. Nf3 {[%emt 0:0:0]} e6 {[%emt 0:0:0]} 3. g3 {[%emt 0:0:0]} Nc6 {[%emt 0:0:27]} 4. Bg2 {[%emt 0:0:0]} Nf6 {[%emt 0:0:19]} 5. Qe2 {[%emt 0:0:1]} e5 {[%emt 0:1:4]} 6. 0-0 {[%emt 0:0:0]} Be7 {[%emt 0:0:14]} 7. Nc3 {[%emt 0:0:18]} d6 {[%emt 0:1:25]} 8. Nd5 {[%emt 0:3:55]} 0-0 {[%emt 0:19:8]} 9. c3 {[%emt 0:1:30]} Nxd5 {[%emt 0:0:0]} 10. exd5 {[%emt 0:0:9]} Nb8 {[%emt 0:0:2]} 11. d4 {[%emt 0:0:53]} cxd4 {[%emt 0:3:16]} 12. cxd4 {[%emt 0:0:12]} exd4 {[%emt 0:0:10]} 13. Nxd4 {[%emt 0:1:37]} Bf6 {[%emt 0:0:6]} 14. Be3 {[%emt 0:2:31]} Re8 {[%emt 0:0:0]} 15. Qd2 {[%emt 0:4:50]} Bd7 {[%emt 0:13:36]} 16. b4 {[%emt 0:10:41]} Na6 {[%emt 0:4:28]} 17. Rfc1 {[%emt 0:15:59]} h5 {[%emt 0:1:42]} 18. Rab1 {[%emt 0:4:31]
} h4 {[%emt 0:3:58]} 19. Rc4 {[%emt 0:9:5]} h3 {[%emt 0:7:1]
} 20. Bf3 {[%emt 0:10:49]} Nc7 {[%emt 0:10:25]} 21. b5 {[%emt 0:8:18]} Rc8 {[%emt 0:10:57]
} 22. a4 {[%emt 0:0:18]} Nxb5 {[%emt 0:0:5]} 23. Rxc8 Nxd4 {[%emt 0:0:4]
} 24. Rxd8 {[%emt 0:0:35]} Nxf3+ {[%emt 0:0:30]} 25. Kh1 {[%emt 0:0:4]
} Rxd8 {[%emt 0:0:25]} 26. Qd1 {[%emt 0:15:17]} Ne5 {[%emt 0:0:0]} 27. Bd4 {[%emt 0:0:29]} Bg4 28. Qb3 {[%emt 0:5:36]} Rc8 {[%emt 0:2:44]} 29. Qxb7 Rc2 {[%emt 0:1:45]} 30. Bxe5 {[%emt 0:1:16]} Bxe5 {[%emt 0:1:7]} 31. Qxa7 {[%emt 0:1:16]} Bf3+ {[%emt 0:2:22]} 32. Kg1 {[%emt 0:0:30]} Bxd5 {[%emt 0:0:5]
} 33. Qa5 {[%emt 0:1:58]} Bg2 {[%emt 0:4:4]} 34. Qd8+ {[%emt 0:0:30]
} Kh7 {[%emt 0:0:1]} 35. Qh4+ {[%emt 0:0:20]} Kg6 {[%emt 0:0:0]} 36. Re1 {[%emt 0:2:25]} f5 {[%emt 0:0:30]} 37. Qb4 {[%emt 0:0:30]} Rb2 38. Qc4 {[%emt 0:0:40]} d5 {[%emt 0:1:4]} 39. Qc6+ {[%emt 0:1:9]} Bf6 {[%emt 0:0:9]
} 40. Qe8+ Kh6 {[%emt 0:0:0]} 41. Qc8 {[%emt 0:9:33]} Kg5 42. Qc1+ {[%emt 0:0:53]} Kg6 {[%emt 0:24:21]} 43. Qf4 {[%emt 0:5:31]} Bg5 {[%emt 0:1:58]
} 44. Re6+ {[%emt 0:3:36]} Bf6 {[%emt 0:0:3]} 45. f3 {[%emt 0:0:0]} Rb3 {[%emt 0:3:11]} 46. Kf2 {[%emt 0:0:26]} d4 {[%emt 0:0:58]} 47. g4 {[%emt 0:2:39]} fxg4 {[%emt 0:0:47]} 48. fxg4 Kf7 {[%emt 0:2:28]} 49. Rxf6+ {[%emt 0:4:49]} gxf6 {[%emt 0:0:1]} 50. Qxd4 {[%emt 0:0:25]} Kg6 {[%emt 0:1:0]
} 51. Qf4 {[%emt 0:1:5]} Rb6 52. Qc4 Rc6 {[%emt 0:2:12]} 53. Qg8+ {[%emt 0:3:9]} Kh6 {[%emt 0:0:1]} 54. Ke3 {[%emt 0:0:28]} Ra6 {[%emt 0:0:22]
} 55. Qc4 {[%emt 0:1:36]} Ra5 {[%emt 0:0:14]} 56. Kf4 {[%emt 0:0:0]} Re5 57. Qf7 Re1 1-0

[Event "RUS-chT Premier 2021"]
[White "Sychev,Klementy"]
[Black "Savchenko,Boris"]
[WhiteTeam "КПРФ"]
[BlackTeam "Гоголевский, 14"]
[Site "Sochi"]
[Round "5.6"]
[Annotator "ChessBase"]
[Result "1/2-1/2"]
[Date "2021.05.05"]
[WhiteElo "2572"]
[BlackElo "2552"]
[PlyCount "81"]
[TimeControl "60"]

1. e4 {[%emt 0:0:0]} c5 {[%emt 0:0:30]} 2. Nf3 {[%emt 0:0:0]} d6 {[%emt 0:0:0]} 3. d4 {[%emt 0:0:0]} cxd4 {[%emt 0:0:16]} 4. Nxd4 {[%emt 0:0:14]} Nf6 {[%emt 0:0:6]} 5. Nc3 {[%emt 0:0:5]} a6 {[%emt 0:0:9]} 6. Bg5 {[%emt 0:3:16]
} Nbd7 {[%emt 0:0:48]} 7. Bc4 {[%emt 0:2:28]} Qb6 {[%emt 0:0:0]} 8. Qd2 {[%emt 0:4:54]} Qxb2 {[%emt 0:0:13]} 9. 0-0 {[%emt 0:0:13]} Qb4 {[%emt 0:1:58]} 10. Bb3 {[%emt 0:2:5]} e6 {[%emt 0:21:38]} 11. Rad1 {[%emt 0:0:14]
} Qa5 {[%emt 0:21:15]} 12. Rfe1 {[%emt 0:46:42]} Be7 {[%emt 0:0:0]} 13. Nd5 {[%emt 0:4:2]} Bd8 {[%emt 0:1:17]} 14. Qc1 {[%emt 0:2:51]} exd5 {[%emt 0:1:49]} 15. exd5+ {[%emt 0:3:16]} Ne5 {[%emt 0:3:1]} 16. f4 {[%emt 0:1:0]
} Nfg4 {[%emt 0:5:23]} 17. fxe5 {[%emt 0:3:12]} Nxe5 {[%emt 0:0:0]} 18. Bxd8 {[%emt 0:6:22]} Qxd8 {[%emt 0:0:6]} 19. Nf3 {[%emt 0:0:24]
} f6 {[%emt 0:2:10]} 20. Nxe5 {[%emt 0:4:1]} fxe5 {[%emt 0:3:41]} 21. Rf1 {[%emt 0:0:7]
} Bg4 {[%emt 0:6:1]} 22. Rde1 {[%emt 0:0:8]} Rf8 {[%emt 0:0:0]} 23. Qe3 {[%emt 0:5:35]} Qd7 {[%emt 0:1:59]} 24. Qb6 {[%emt 0:2:28]} Rc8 {[%emt 0:1:36]} 25. h3 {[%emt 0:5:26]} Bf5 {[%emt 0:2:39]} 26. Ba4 {[%emt 0:0:0]} Qxa4 {[%emt 0:0:8]} 27. Qxd6 {[%emt 0:0:3]} Qd4+ {[%emt 0:2:38]} 28. Kh1 {[%emt 0:0:3]} g6 {[%emt 0:0:38]} 29. Rxe5+ {[%emt 0:1:47]} Kf7 {[%emt 0:0:5]
} 30. g4 {[%emt 0:0:8]} Qc3 {[%emt 0:3:51]} 31. gxf5 {[%emt 0:0:0]} Qxh3+ {[%emt 0:0:12]} 32. Kg1 {[%emt 0:0:2]} Qg3+ {[%emt 0:1:51]} 33. Kh1 {[%emt 0:0:2]} Qh3+ {[%emt 0:0:41]} 34. Kg1 {[%emt 0:0:4]} Qg3+ {[%emt 0:0:13]
} 35. Kh1 {[%emt 0:0:10]} Kg8 {[%emt 0:0:33]} 36. f6 {[%emt 0:0:0]} Qh3+ {[%emt 0:0:39]} 37. Kg1 {[%emt 0:0:3]} Qg3+ {[%emt 0:0:5]} 38. Kh1 {[%emt 0:0:3]} Qh4+ {[%emt 0:0:48]} 39. Kg1 {[%emt 0:0:12]} Qg4+ {[%emt 0:0:22]
} 40. Kh1 {[%emt 0:0:0]} Qh4+ {[%emt 0:0:0]} 41. Kg1 {[%emt 0:0:21]
} 1/2-1/2

[Event "RUS-chT Premier 2021"]
[White "Artemiev,Vladislav"]
[Black "Malakhov,Vladimir"]
[Site "Sochi"]
[WhiteTeam "Ладья"]
[BlackTeam "Шахматная сборная Москвы"]
[Round "5.7"]
[Annotator "TA"]
[Result "1/2-1/2"]
[Date "2021.05.05"]
[WhiteElo "2709"]
[BlackElo "2665"]
[PlyCount "67"]

1. e4 {} e5 2. Nf3 Nc6 3. d4 exd4 4. Nxd4 Bc5 5. Nb3 Bb6 6. Nc3 Nf6 7. Bg5 0-0 {C45: Scotch Game.} 8. Be2 h6 9. Bh4 d6 10. 0-0 Ne5 {[#]} 11. a4 $146 { Threatens to win with a5.} ({Predecessor:} 11. Nd5 Ned7 12. Nxb6 axb6 13. Bd3 Ra4 14. Re1 g5 15. Bg3 Ne5 16. c3 Be6 17. f4 gxf4 18. Bxf4 Bxb3 19. Qxb3 Nxd3 20. Qxa4 Nxf4 21. Re3 Ng4 22. Ree1 Qh4 {
0-1 (22) Ausan,L (1168)-O'Brien,G (1313) LSS email 2012} )Ng6 12. Bxf6 Qxf6 13. a5 Bc5 14. Nd5 Qxb2 ({Black should play} 14... Qg5 $14 )15. Nxc5 dxc5 16. Nxc7 Rb8 17. f4 b5 18. axb6 axb6 19. Rb1 Qa3 20. Rb3 Qa4 21. c4 Bb7 22. f5 Ne5 {[#]} 23. f6 $1 $36 { Black must now prevent fxg7.
White is really pushing.} Bxe4 {[#]} 24. Re3 $1 { Discovered Attack} Qc6 25. Nd5 Bxd5 26. cxd5 Qd6 27. Rg3 Ng6 28. Bh5 Rbd8 (28... Rb7 $14 )29. Bxg6 (29. Qb1 $16 {Hoping for fxg7.} Rd7 30. fxg7 )fxg6 $11 {The position is
equal.} 30. Rxg6 Qxd5 31. Rxg7+ ({Much weaker is} 31. fxg7 Rxf1+ 32. Qxf1 Qd4+ 33. Kh1 Qd1 $19 )Kh8 32. Qxd5 Rxd5 33. Rg6 Kh7 34. Rg7+ {Weighted Error
Value: White=0.07/Black=0.10} 1/2-1/2

[Event "RUS-chT Premier 2021"]
[White "Timofeev,Artyom"]
[Black "Sarana,Alexey"]
[WhiteTeam "Ладья"]
[BlackTeam "Шахматная сборная Москвы"]
[Site "Sochi"]
[Round "5.9"]
[Annotator "TA"]
[Result "1/2-1/2"]
[Date "2021.05.05"]
[WhiteElo "2594"]
[BlackElo "2649"]
[PlyCount "28"]

1. e4 {} c5 2. Nf3 d6 3. d4 cxd4 4. Qxd4 Nc6 5. Qe3 g6 {The position is equal.} 6. Be2 {B53:
Sicilian: 2...d6: Lines with Qxd4.} Bg7 7. 0-0 Nf6 8. Rd1 0-0 9. Nc3 Ng4 10. Qf4 Qb6 11. Qg3 Qc5 {[#]} 12. Rd5 $146 ({Predecessor:} 12. h3 Nge5 13. Be3 Nxf3+ 14. Bxf3 Qb4 15. Nd5 Qxb2 16. Rab1 Qxa2 17. e5 Bxe5 18. Qh4 Rb8 19. c3 Bf5 20. Ra1 {0-1 (84) Murzin,V (2478)-Kokarev,D (2631) Cheboksary 2021} )Qb6 13. Rd1 Qc5 14. Rd5 Qb6 {A rather calm draw.  Weighted Error Value:
White=0.05/Black=0.01} 1/2-1/2

[Event "RUS-chT Premier 2021"]
[White "Najer,Evgeniy"]
[Black "Samusenko,Maksim"]
[WhiteTeam "Шахматная сборная Москвы"]
[BlackTeam "Ладья"]
[Site "Sochi"]
[Round "5.10"]
[Annotator "TA"]
[Result "1-0"]
[Date "2021.05.05"]
[WhiteElo "2648"]
[BlackElo "2467"]
[PlyCount "225"]

1. e4 {} c5 2. Nf3 Nc6 3. Bb5 e5 4. 0-0 Bd6 5. d4 Nxd4 {[#]} 6. Nxd4 $146 {B30: Sicilian: 2...Nc6 3 Bb5, lines without
...g6.} ({Predecessor:} 6. Bc4 Nxf3+ 7. Qxf3 Nf6 8. Rd1 Be7 9. Bg5 0-0 10. Nc3 a6 11. a4 d6 12. Bxf6 Bxf6 {1-0 (39) Sargsyan,S (2596)-Harutyunian,T (2549)
Yerevan 2021} )cxd4 7. c3 Bc5 8. b4 {The position is equal.} Bb6 9. Bb2 $1 {} a6 10. Ba4 {} dxc3 11. Nxc3 {Nd5 is the strong
threat.} Bd4 12. Rb1 Ne7 13. Ne2 Bxb2 14. Rxb2 Qb6 15. Qc1 0-0 16. Qc5 $36 {
 White has some pressure.} Qf6 17. Rd2 b6 18. Qc7 b5 19. Bb3 Nc6 20. Ng3 Ra7 21. Qb6 Qd8 (21... Rb7 $11 22. Qxa6 Qe7 )22. Qc5 $16 Rc7 23. Nf5 Nd4 24. Qxe5 {} Nxf5 25. Qxf5 Qe7 26. Qf4 $1 {} Rc3 27. e5 Kh8 28. Rd6 Bb7 29. Rfd1 Rc7 (29... Bc6 $142 30. Qd2 Rxb3 31. axb3 Qxe5 )30. h4 $1 $18 Bc6 31. h5 Re8 (31... Rcc8 {is a better defense.} 32. h6 Rg8 )32. R6d3 (32. R1d3 $142 )Rcc8 33. Re3 ({Not} 33. Qxf7 Qxf7 34. Bxf7 Rxe5 $11 )(33. Bxf7 $2 Rf8 $19 )f6 34. Rde1 fxe5 35. Rxe5 Qf8 36. Rxe8 Rxe8 37. Rxe8 Qxe8 38. h6 d5 39. Qd4 {} Qe1+ 40. Kh2 {
} Qe7 {intending ...Qd6+.} 41. g3 ({Don't play} 41. Bxd5 $6 Bxd5 42. hxg7+ (42. Qxd5 gxh6 43. Qd4+ Kg8 $14 )Qxg7 $16 )Qg5 42. hxg7+ Qxg7 43. Qf4 Qe7 44. Qd4+ (44. Bc2 $18 )Qg7 $16 45. Qf4 (45. Qh4 $16 {Black must now prevent Qd8+.} Qf7 46. Qd4+ Kg8 47. Qe3 )Qe7 $18 46. Bxd5 Bxd5 $16 47. Qd4+ { Double Attack} Qg7 48. Qxd5 {
Endgame KQ-KQ} Qb2 49. Kg2 (49. Qd8+ {keeps more tension.} Kg7 50. Qg5+ Kh8 51. Qf5 Qxb4 52. Qc8+ )Qxb4 50. Qa8+ Kg7 51. Qxa6 Qe4+ 52. Kh2 Qe2 53. Qa7+ Kg6 54. Qb6+ Kf7 55. Qc7+ Kg6 56. Qd6+ Kg7 57. Qd4+ Kg6 58. a3 Qf3 59. Qc5 Qe2 60. Kg2 Qe4+ 61. Kf1 Qd3+ 62. Kg1 Qb1+ 63. Kh2 $1 Qd3 64. Qe3 Qd5 65. g4 Qd6+ 66. Kh3 h6 67. f4 ({White should play} 67. Kg2 $16 )Kf6 68. Kg3 Qd5 69. f5 ({White should try} 69. Qc3+ $16 Kf7 70. Qc7+ Kf8 71. Qc3 )Qd6+ $1 $11 70. Kh3 (70. Kg2 {seems wilder.} Kf7 71. Qb3+ Kf6 72. Qb2+ Kg5 73. Qg7+ )Kf7 71. Qb3+ Kg7 72. Qg3 Qc5 73. Qd3 Qe5 74. Kg2 Qf4 75. Qd7+ (75. f6+ {
is more complex.} Kxf6 76. Kh3 Qe5 77. Qd8+ Kf7 78. Qd7+ )Kf8 76. Qd8+ Kf7 77. Qd5+ Kg7 78. Qd7+ Kf8 79. Qc8+ Kg7 80. Qb7+ (80. Qd7+ {looks sharper.} )Kf8 81. Qf3 (81. Qa8+ {seems wilder.} Kg7 82. Qa7+ Kg8 83. Qa8+ Kg7 )Qd2+ 82. Kg3 Qd6+ 83. Kh3 Kg7 84. Qc3+ (84. a4 {is interesting.} bxa4 85. Qb7+ Kf6 86. Qb2+ Kg5 87. Qc1+ )Kf7 85. Qb3+ Kg7 86. Kg2 Qc6+ 87. Kf2 (87. Kg3 {seems wilder.} Qc1 88. Qd3 Qc7+ 89. Kf3 Qc5 90. Qd7+ )Kf6 88. Qe3 Kf7 $1 89. Qe5 Qc4 90. Kf3 {next Ke3 is good for White.} Qd3+ 91. Qe3 Qd5+ 92. Kf4 {Strongly threatening Qa7+.} Qd6+ 93. Qe5 (93. Ke4 {is more complex.} Qc6+ 94. Kd3 Qc4+ 95. Kd2 Qa2+ 96. Ke1 )Qd2+ 94. Ke4 {Threatens to win
with Qd5+.} (94. Kg3 {feels hotter.} Qd3+ 95. Kh4 Qd8+ 96. Kh3 Qd3+ 97. Qg3 )Qe2+ 95. Kd5 Qf3+ $1 96. Qe4 (96. Kc5 {seems wilder.} Qxa3+ 97. Kb6 Qe7 98. Qxe7+ Kxe7 99. Kc5 )Qb3+ $1 97. Ke5 (97. Kd4 {is interesting.} Qb2+ 98. Ke3 Qxa3+ 99. Kf2 Qd6 100. Qf3 )Qc3+ {[#]} (97... Qg3+ $1 $11 {
remains equal.} 98. Kd4 Kf8 )98. Kd5 (98. Kf4 $1 $16 Qc1+ 99. Qe3 Qc4+ 100. Kg3 Qc7+ 101. Kh3 )Qb3+ $1 99. Kc5 Qxa3+ 100. Kxb5 {And now Qe6+ would win.} Qe7 (100... Qb3+ {looks sharper.} 101. Kc6 Qc3+ 102. Kd6 Qa3+ 103. Kd7 Qa7+ )101. Qc4+ Kg7 102. Qd4+ (102. Qc3+ {with more complications.} Kf7 103. Qc4+ )Kf7 103. Qd5+ Kg7 104. Kc6 (104. Qd4+ {keeps more tension.} )Qe8+ 105. Kd6 {Qe5+ would kill now.} Qd8+ 106. Ke5 Qc7+ 107. Ke4 {Intending Qe5+
and mate.} Qc2+ 108. Qd3 Qg2+ 109. Ke5 {White threatens f6+ and mate.} Qc6 110. Qd4 Qa6 {[#]} 111. Qd7+ (111. Kf4+ $1 $16 Kf7 112. Qd7+ Kf6 113. Qd4+ Kf7 114. Qd7+ Kf6 115. Qd8+ Kf7 116. Qd7+ )Kh8 $2 {} (111... Kf8 $11 )112. Qe8+ Kg7 113. Qe7+ {Weighted Error Value: White=0.13/Black=0.10} 1-0

[Event "RUS-chT Premier 2021"]
[White "Faizrakhmanov,Ramil"]
[Black "Grachev,Boris"]
[WhiteTeam "Ладья"]
[BlackTeam "Шахматная сборная Москвы"]
[Site "Sochi"]
[Round "5.11"]
[Annotator "TA"]
[Result "1/2-1/2"]
[Date "2021.05.05"]
[WhiteElo "2477"]
[BlackElo "2619"]
[PlyCount "117"]

1. d4 {} d5 2. c4 c6 3. Nc3 Nf6 4. e3 e6 5. Nf3 Nbd7 6. Qc2 Bd6 7. b3 0-0 8. Be2 b6 9. 0-0 Bb7 10. Bb2 Qe7 11. Rad1 Rad8 12. Rfe1 Rfe8 13. Bf1 {D45: Semi-Slav: 5 e3.} e5 14. dxe5 Nxe5 15. Nxe5 Bxe5 16. cxd5 cxd5 17. Nb5 Rc8 18. Qb1 Ng4 19. Bxe5 Qxe5 { [#]} 20. g3 {[#]} Qf6 $146 ({Predecessor:} 20... h5 21. Nd4 g6 22. Qb2 Qf6 23. h3 Ne5 24. Bg2 Rc5 25. Qe2 Rec8 26. Rd2 Nd7 {1/2-1/2 (42) Roth,P (2126)-Sienkiewicz,W (2175) ICCF
email 2018} )21. Rd2 Ne5 {And now ...Nf3+ would win.} 22. Bg2 a6 23. Nd4 g6 24. Qd1 Rc5 25. h4 h5 26. Nf3 Nxf3+ 27. Bxf3 Rec8 28. Kg2 a5 29. Qe2 R8c7 30. Red1 {} Qf5 31. Rd4 Rc2 32. R1d2 Rxd2 33. Rxd2 Rc5 34. Qd1 Kg7 35. Qa1+ Qf6 36. Qb1 Qc3 37. Qd1 ({White should try} 37. Rd3 $14 Qf6 38. b4 axb4 39. Rd4 )Bc6 38. Rd4 ({Wrong is} 38. Bxd5 $2 Rxd5 39. Rxd5 Qe5 $19 )Qb2 {
aiming for ...Rc2.The position is equal.} 39. Rf4 Rc1 40. Qd3 Qc3 (40... Rc2 {
seems wilder.} 41. Qd4+ Qxd4 42. Rxd4 Rxa2 43. Bxd5 Bb5 )41. Qxc3+ Rxc3 $11 {
 Endgame KRB-KRB} 42. Rd4 Rc5 $1 43. Rd2 Kf6 44. Kf1 Ke5 45. Ke1 b5 46. Kd1 b4 47. Rd4 Bd7 48. g4 hxg4 49. Bxg4 Be6 50. Kd2 f5 51. Be2 Kf6 52. a3 bxa3 53. Ra4 d4 54. exd4 Bxb3 55. Rxa3 Rc2+ 56. Ke1 Rc1+ 57. Kd2 Rc2+ 58. Ke1 Rc1+ 59. Kd2 {Weighted Error Value: White=0.04/Black=0.05} 1/2-1/2